banner koha

Estudo comparativo das qualidades tecnologicas de dezoito cultivares de triticale (Registro n. 319228)

MARC details
000 -LÍDER
campo de controle de tamanho fixo 01236naa a22003377a 4500
001 - NÚMERO DE CONTROLE
campo de controle BR8803038
003 - IDENTIFICADOR DO NÚMERO DE CONTROLE
campo de controle BR-BrBNA
005 - DATA E HORÁRIO DA ÚLTIMA TRANSAÇÃO
campo de controle 20240918180112.0
007 - CAMPO FIXO DE DESCRIÇÃO FÍSICA--INFORMAÇÃO GERAL
campo de controle de tamanho fixo ta
008 - CAMPO DE DADOS FIXOS--INFORMAÇÃO GERAL
campo de controle de tamanho fixo 230509b bl.||||| |||| 00| 0 por d
040 ## - FONTE DA CATALOGAÇÃO
Instituição da catalogação original BR-BrBNA
Idioma da catalogação por
Instituição que transcreveu o registro Biblioteca Nacional de Agricultura
041 ## - CÓDIGO DE IDIOMA
Código do idioma do texto/trilha sonora ou título diferente (Pt)
072 ## - CÓDIGO DE CATEGORIA DE ASSUNTO
Código de Categoria de Assunto Q04
Código do objeto 0175
-- 9290
-- 9230
090 ## - NÚMERO DE CHAMADA LOCAL
Número de chamada Q04 BR8803038
100 1# - ENTRADA PRINCIPAL--NOME PESSOAL
Nome pessoal Pape, G.
100 1# - ENTRADA PRINCIPAL--NOME PESSOAL
Nome pessoal Mazzari, M.R.
100 1# - ENTRADA PRINCIPAL--NOME PESSOAL
Nome pessoal Chaves, J.B.P.
100 1# - ENTRADA PRINCIPAL--NOME PESSOAL
Nome pessoal Campos, J.E.
111 1# - ENTRADA PRINCIPAL--NOME DO EVENTO
Nome do evento ou lugar 4. Congresso Brasileiro de Ciencia e Tecnologia de Alimentos
Local do evento Rio de Janeiro , RJ (Brazil)
Data do evento ou assinatura do tratado 5-8 Oct 1980
245 1# - TÍTULO
Título Estudo comparativo das qualidades tecnologicas de dezoito cultivares de triticale
260 3# - PUBLICAÇÃO, DISTRIBUIÇÃO, ETC.
Local de publicação, distribuição, etc. Rio de Janeiro, RJ (Brasil):
Data da publicação, distribuição, etc. 1980.
500 ## - NOTA GERAL
Nota geral Anais do 4. Congresso Brasileiro de Ciencia e Tecnologia de Alimentos<br/>Rio de Janeiro, RJ (Brasil): 1980. p. 211-225<br/>(BR8803038-AM)Q04<br/>
650 ## - ASSUNTO--TERMO TÓPICO
Cabeçalho tópico ou nome geográfico TRITICALE
650 ## - ASSUNTO--TERMO TÓPICO
Cabeçalho tópico ou nome geográfico FARINHA
650 ## - ASSUNTO--TERMO TÓPICO
Cabeçalho tópico ou nome geográfico PAO
650 ## - ASSUNTO--TERMO TÓPICO
Cabeçalho tópico ou nome geográfico PROTEINA
650 ## - ASSUNTO--TERMO TÓPICO
Cabeçalho tópico ou nome geográfico COMPOSICAO QUIMICA
773 0# - ENTRADA ANALÍTICA
Título Anais do 4. Congresso Brasileiro de Ciencia e Tecnologia de Alimentos
Número de controle do registro Q04 BR8803038
Partes relacionadas Rio de Janeiro, RJ (Brasil), 1980. p. 211-225
909 ## -
-- 202404
-- Lucia
-- 55
-- Lucia Elande
942 ## - ELEMENTOS DE ENTRADA ADICIONADOS (KOHA)
Tipo de material Koha Capítulo-Livro
Fonte da classificação ou esquema de arquivamento na estante Classificação AGRIS

Nenhum exemplar disponível.

BINAGRI

Telefone: (61)3218-2567/2388/3357/2097 - binagri@agro.gov.br

Ministério da Agricultura e Pecuária , Esplanada dos Ministérios, Bloco D, Anexo B, Brasília/DF, CEP: 70.043-900